| Tag |
First Indicator |
Second Indicator |
Subfields |
| LEADER |
00000cem a2200000Ia 4500 |
| 001 |
in00002534621 |
| 005 |
20151113131514.0 |
| 007 |
aj aanzn |
| 008 |
810916s1981 vauag a f 1 eng d |
| 034 |
1 |
|
|a a
|b 50000
|d W0873500
|e W0871500
|f N0342700
|g N0341500
|
| 035 |
|
|
|a (OCoLC)ocm07764883
|
| 035 |
|
|
|a (OCoLC)7764883
|
| 040 |
|
|
|a GIS
|c GIS
|d COP
|d OCLCQ
|d OCLCG
|d UtOrBLW
|
| 043 |
|
|
|a n-us-al
|
| 049 |
|
|
|a TXAM
|
| 052 |
|
|
|a 3923
|b L4
|b W6
|
| 074 |
|
|
|a 0619-G-11
|
| 086 |
0 |
|
|a I 19.113:MF-1288-A
|
| 100 |
1 |
|
|a Grosz, A. E.
|q (Andrew E.)
|
| 245 |
1 |
0 |
|a Geochemical survey of the Sipsey Wilderness and additions, Lawrence and Winston Counties, Alabama /
|c by Andrew E. Grosz ; Department of the Interior, United States Geological Survey.
|
| 246 |
3 |
0 |
|a Sipsey Wilderness and additions, Lawrence and Winston Counties, Alabama
|
| 246 |
1 |
|
|i Envelope title:
|a Geochemical survey, Sipsey Wilderness and additions, Ala
|
| 255 |
|
|
|a Scale 1:50,000
|c (W 87⁰35ʹ--W 87⁰15ʹ/N 34⁰27ʹ--N 34⁰15ʹ).
|
| 264 |
|
1 |
|a Reston, Va. :
|b The Survey,
|c 1981.
|
| 300 |
|
|
|a 2 maps on 1 sheet ;
|c 40 x 52 cm., on sheet 137 x 113 cm., folded in envelope 25 x 32 cm.
|
| 336 |
|
|
|a cartographic image
|b cri
|2 rdacontent
|
| 337 |
|
|
|a unmediated
|b n
|2 rdamedia
|
| 338 |
|
|
|a sheet
|b nb
|2 rdacarrier
|
| 490 |
1 |
|
|a Miscellaneous field studies / Dept. of the Interior, United States Geological Survey ;
|v map MF-1288-A
|
| 500 |
|
|
|a Relief shown by contours and spot heights.
|
| 500 |
|
|
|a Includes index to samples, tables, histograms, 7 ancillary maps showing distribution of minerals, and text.
|
| 504 |
|
|
|a Includes bibliographical references.
|
| 500 |
|
|
|a Cartographic material.
|
| 650 |
|
0 |
|a Geochemistry
|z Alabama
|z Lawrence County
|v Maps.
|
| 650 |
|
0 |
|a Geochemistry
|z Alabama
|z Winston County
|v Maps.
|
| 710 |
2 |
|
|a Geological Survey (U.S.)
|
| 830 |
|
0 |
|a Miscellaneous field studies ;
|v map MF-1288-A.
|
| 994 |
|
|
|a C0
|b TXA
|
| 948 |
|
|
|a cataloged
|b h
|c 2009/12/17
|e mvillare
|f 12:55:30 pm
|
| 999 |
|
|
|a MARS
|
| 999 |
f |
f |
|s 25c80d00-6c4b-3911-abc1-1560ecac716a
|i 1e6ade00-e1f6-3215-af54-8cc93c0cf69e
|t 0
|
| 952 |
f |
f |
|p normal
|a Texas A&M University
|b College Station
|c Sterling C. Evans Library
|d Evans: Maps File (2nd floor)
|t 0
|e I 19.113:MF-1288-A
|h Superintendent of Documents classification
|i unmediated -- sheet
|m A14837797928
|
| 998 |
f |
f |
|a I 19.113:MF-1288-A
|t 0
|l Evans: Maps File (2nd floor)
|